000 00537cam a2200193 4500
999 _c4399
_d4399
001 5241
005 20190909110600.0
008 190909b ||||| |||| 00| 0 eng d
010 _a 2003320414
020 _a9993622095
245 0 0 _aརྫོང་ཁའི་ཚིག་མཛོད།
246 3 1 _aDzongkhai chigzho ja
250 _a2005.
260 _aThimphu :
_bKMT Publishing House.
_c2005.
300 _a1094 p. ;
_c25 cm.
546 _aIn Dzongkha.
650 0 _aDzongkha language
_vDictionaries.
942 _2ddc
_cDZONGKHA